Normal view
MARC view
- Jafri, Raise Ahmed
Entry Personal Name
001 - CONTROL NUMBER
- control field: 63362
003 - CONTROL NUMBER IDENTIFIER
- control field: NUST
005 - DATE AND TIME OF LATEST TRANSACTION
- control field: 20210628203116.0
008 - FIXED-LENGTH DATA ELEMENTS
- fixed length control field: 210628|| aca||aabn | a|a d
040 ## - CATALOGING SOURCE
- Original cataloging agency: NUST
- Transcribing agency: NUST
100 ## - HEADING--PERSONAL NAME
- Personal name: Jafri, Raise Ahmed
670 ## - SOURCE DATA FOUND
- Source citation: Work cat.: (NUST): Jafri, Raise Ahmed, Quaid-i-azam aur un ka ehad, hayait muhmmad ali jinnah, 2006
